| 000 | 01755cam a2200433 i 4500 | ||
|---|---|---|---|
| 005 | 20171212141450.0 | ||
| 008 | 021119s2001 pl a |000 0 pol c | ||
| 020 | _a8370856071 | ||
| 035 | _azz2002944915 | ||
| 039 | 9 |
_a201606091459 _bkopilwa _c201504071848 _dkopumk _c201412021332 _dkopwat _c201410081139 _dpski _y200211191356 _zbuw |
|
| 040 |
_aWA U/RB _cWA U/RB _dWA U/EMB _dWR 16/jw _dWR 16/ks _dLUBL 64/MJ _dBYDG 22/ET _dWR 16/sb |
||
| 100 | 1 |
_aWięckowski, Tadeusz Wiesław _d(1952- ). |
|
| 245 | 1 | 0 |
_aBadania kompatybilności elektromagnetycznej urządzeń elektrycznych i elektronicznych / _cTadeusz W. Więckowski. |
| 260 |
_aWrocław : _bOficyna Wydawnicza Politechniki Wrocławskiej, _c2001. |
||
| 300 |
_a348 s. : _bil. ; _c24 cm. |
||
| 490 | 1 | _aBiblioteka Kompatybilności Elektromagnetycznej | |
| 504 | _aBibliogr. s. 332-348. | ||
| 530 | _aDostępny również jako dokument elektroniczny. | ||
| 650 |
_aUrządzenia elektroniczne _xbadania. |
||
| 650 |
_aUrządzenia elektryczne _xbadania. |
||
| 650 |
_aKompatybilność elektromagnetyczna _xbadania. |
||
| 710 | 2 |
_aPolitechnika Wrocławska. _bOficyna Wydawnicza. _4pbl |
|
| 830 | 0 | _aBiblioteka Kompatybilności Elektromagnetycznej | |
| 856 | 4 | 1 | _uhttp://www.dbc.wroc.pl/publication/262 |
| 920 | _a83-7085-607-1 | ||
| 951 | _aKIEL_008 | ||
| 953 | _aKR_93 | ||
| 959 | _aLUBL_64 | ||
| 961 | _aWA_310 WA_510 WA_M | ||
| 962 | _aKR_U | ||
| 967 | _aLUBL_U | ||
| 968 | _aTOR_U | ||
| 970 | _aWA_901 WA_U | ||
| 971 | _aL_U L_30 | ||
| 974 | _aWR_16 | ||
| 980 | _aSZCZ_ZUT | ||
| 982 | _aBYDG_22 | ||
| 999 |
_aVIRTUA40 m _c15291 _d15291 |
||
| 999 | _aVTLSSORT0010*0080*0200*0350*0390*0400*1000*2450*2600*3000*4900*5040*5300*6500*6501*6502*7100*8300*8560*9200*9520*9530*9590*9610*9620*9670*9680*9700*9710*9740*9820*9992 | ||